000 00322 a2200133 4500
001 10769
082 _a025.173 OSB
090 _c8362
_d8362
100 _aOsborn, A, D.
245 _aSerial Publication 3rd Edition
_hEnglish
250 _a3
260 _aChicago
_bAmerican Library Association
_c1980
300 _a487p
942 _aNUST-CAE
_k025.173 OSB
999 _c245842
_d245842